000 00327 a2200145 4500
001 194754
040 _cMagnum
100 _aHeck, Lenira Almeida
240 1 0 _aO mistério do anel de pérola
_lpor
245 1 0 _aO mistério do anel de pérola
300 _a28
362 0 _a2008
697 _aLITERATURA GERAL
942 _cBK
999 _c194754
_d194754